000 00398 a2200169 4500
001 186310
020 _a978-85-250-4713-7
040 _cMagnum
100 _aLobato, Monteiro
240 1 0 _aEmília no país da gramática
_lpor
245 1 0 _aEmília no país da gramática
300 _a147
362 0 _a2009
440 1 _aEditora Globo
697 _aLITERATURA INFANTO-JUVENIL
942 _cBK
999 _c186310
_d186310